Dictionary Of Mechanical Engineering (Record no. 321045)

MARC details
000 -LEADER
fixed length control field 00452nam a2200157Ia 4500
008 - FIXED-LENGTH DATA ELEMENTS--GENERAL INFORMATION
fixed length control field 230718s9999 xx 000 0 und d
041 ## - LANGUAGE CODE
Language code of text/sound track or separate title eng
082 ## - DEWEY DECIMAL CLASSIFICATION NUMBER
Classification number 621.03
Item number PRA
100 ## - MAIN ENTRY--PERSONAL NAME
Personal name Prabhakar K.
9 (RLIN) 168836
245 ## - TITLE STATEMENT
Title Dictionary Of Mechanical Engineering
260 ## - PUBLICATION, DISTRIBUTION, ETC. (IMPRINT)
Date of publication, distribution, etc. 2009
Name of publisher, distributor, etc. Pacific books International
300 ## - PHYSICAL DESCRIPTION
Extent 315
Accompanying material [OBSOLETE, CAN/MARC] In Ref. Section
365 ## - TRADE PRICE
Currency code Rs.
Price amount 450.00
700 ## - ADDED ENTRY--PERSONAL NAME
Personal name Prabhakar K.
9 (RLIN) 168836
906 ## - LOCAL DATA ELEMENT F, LDF (RLIN)
d B:108090107521-Jan-2009
c MECH
b 90
Holdings
Withdrawn status Lost status Damaged status Not for loan Home library Current library Date acquired Vendor Budget Code Cost, normal purchase price Bill number Total Checkouts Full call number Barcode Date last seen Discount Cost, replacement price Bill Date Koha item type Original Barcode
        Cummins College of Engineering for Women Pune Cummins College of Engineering for Women Pune 31/03/2009 Varma Book Distributors MECH 360.00 1080901075   621.03 CCEP-BK-32252 18/07/2023 90 450.00 21/01/2009 Books 032252